Gabriel /
Archeolog Gabriel se v pokračování účastní posledních vykopávek, které ho málem stály život. Po návratu do rodného města si není jistý, jestli pohlédnutí do očí smrti změnilo jeho, nebo se natolik změnili lidé ve městě. Některým je trnem v oku. Jeho anděl strážný a platonická láska se mu vzdaluje. M...
Uloženo v:
| Hlavní autor: | |
|---|---|
| Médium: | E-kniha |
| Jazyk: | Czech |
| Vydáno: |
Praha :
E-knihy jedou,
2025
|
| Tagy: |
Žádné tagy |
| LEADER | 01375nam a22002297i 4500 | ||
|---|---|---|---|
| 001 | 312874 | ||
| 007 | ta | ||
| 008 | 260601s2025 xr ||||| |||| 00| 0 cze d | ||
| 020 | |a 9990004238343 | ||
| 044 | |a xr | ||
| 100 | 1 | |a Benda, Tomáš |4 aut | |
| 245 | 1 | 0 | |a Gabriel / |c Benda, Tomáš |
| 264 | 1 | |a Praha : |b E-knihy jedou, |c 2025 | |
| 300 | |a 1 online zdroj (299 stran) | ||
| 336 | |a text |b txt |2 rdacontent | ||
| 337 | |a bez média |b n |2 rdamedia | ||
| 338 | |a online zdroj |b cr |2 rdacarrier | ||
| 520 | 2 | |a Archeolog Gabriel se v pokračování účastní posledních vykopávek, které ho málem stály život. Po návratu do rodného města si není jistý, jestli pohlédnutí do očí smrti změnilo jeho, nebo se natolik změnili lidé ve městě. Některým je trnem v oku. Jeho anděl strážný a platonická láska se mu vzdaluje. Milovaná žena z mládí umírá. I v těchto temných časech mu samotné nebe posílá životní lásku. | |
| 910 | |a RBIT002 | ||
| 998 | |d 423834 |a https://core.palmknihy.cz/api/books/423834/cover?t5kqne |b https://core.palmknihy.cz/api/books/423834/cover/400?t5kqne |c https://core.palmknihy.cz/api/books/423834/cover/50?t5kqne |e |g 299 |i 9990004238343 |j https://core.palmknihy.cz/api/books/423834/preview.epub |k https://core.palmknihy.cz/api/books/423834/preview.pdf |l |q 49 |r 1 |s https://www.palmknihy.cz/kniha/423834 |t ebook |y 2025 |z 1 | ||
| 999 | |d 312872 | ||